000 00864cab a22002175a 4500
001 L150538
008 100726e20100717xxk 000 0 eng d
035 _a(Sirsi) u150538
041 0 _aeng
100 1 _aPilkington, Lisa
245 0 0 _aFocus Staffordshire and Shropshire
260 _c2010
490 _aEstates Gazette
_v(1028) 17 July 2010, 67-75(7)
520 _aFeatures a £275m retail development in Stoke-on-Trent where Realis Estates is progressing with plans to develop the empty East West Centre into a regional shopping destination. Also features new plans for Shrewsbury?s retail scene. With information on prime rents for industrial and offices in the area.
590 _aKA
651 4 _aStaffordshire
651 4 _aShropshire
690 _aPROPERTY-COMMERCIAL PROPERTY-COMMERCIAL PROPERTY MARKET
700 1 _aThame, David
942 _n0
999 _c82548
_d82548